| 000 | 00924nam a2200229 i 4500 | ||
|---|---|---|---|
| 001 | 177876 | ||
| 003 | ES-MaACL | ||
| 005 | 20251220171940.0 | ||
| 008 | 110504s1959 mx |||| | spa d | ||
| 080 | _a530.12 | ||
| 100 | 1 |
_aAleksandrov, Aleksandr Danilovich. _9149867 |
|
| 245 | 1 | 0 |
_aExamen de la teoría de la relatividad restringida / _cAlexandr D. Alexandrov ; [traducción de Pedro Mir]. |
| 260 |
_aMéxico : _bUniversidad Nacional de México, _c1959. |
||
| 300 |
_ap. 353-389 ; _c21 cm. |
||
| 490 | 1 |
_aSeminario de Problemas Científicos y Filosóficos. Suplementos ; _v2ª serie ; _v18 |
|
| 650 | 0 | 4 |
_aRelatividad (Física) _916793 |
| 700 | 1 |
_aMir, Pedro. _981427 |
|
| 710 | 2 |
_aUniversidad Nacional Autónoma de México. _97397 |
|
| 830 | 0 |
_aSeminario de Problemas Científicos y Filosóficos. Suplementos _v2ª serie ; _v18 _9190619 |
|
| 852 |
_aES-MaACL _j2297-F-25 _xOlim P-902 |
||
| 999 |
_c177876 _d177876 |
||